|
|
|
|
| LEADER |
00578nam a22001817a 4500 |
| 003 |
OSt |
| 008 |
090527t xxu||||| |||| 00| 0 eng d |
| 020 |
|
|
|a 8120002695
|
| 080 |
|
|
|a 342.9(540)
|b KAG
|
| 100 |
|
|
|a Kagzi, Mangal Chandra Jain
|9 3334
|
| 245 |
|
|
|a The Indian administrative law
|
| 250 |
|
|
|a 5th ed.
|
| 260 |
|
|
|a New Delhi
|b Metropolitan
|c 1991
|
| 300 |
|
|
|a 600p.
|
| 653 |
|
|
|a Adminiatrative law - India
|
| 942 |
g |
|
|c BK
|6 _
|
| 999 |
|
|
|c 188124
|d 188124
|
| 952 |
|
|
|0 0
|1 0
|4 0
|6 3429540_KAG
|7 0
|9 242776
|a SLS
|b SLS
|d 2009-05-27
|l 11
|o 342.9(540) KAG
|p SLS015550
|r 2018-07-06
|s 2018-03-27
|w 2009-05-27
|y BK
|